| 000 | 00416cam a2200169ua 4500 | ||
|---|---|---|---|
| 020 | _c7.00 | ||
| 041 |
_amal _h |
||
| 082 |
_a923.2 _bKES/JE |
||
| 100 | _aKesavan, . | ||
| 245 |
_aJeevitha samaram / _cKesavan. _hTextual Documents |
||
| 260 |
_aKottayam : _bSahitya Pravarthaka Co-operative Society , _c1969. |
||
| 300 | _a422 ; . | ||
| 365 | _a7.00 | ||
| 504 | _a | ||
| 942 | _cBK | ||
| 999 |
_c6333 _d6333 |
||